书目信息 |
| 题名: |
胡适著译系年目录与分类索引
|
|
| 作者: | ;华东师范大学图书馆 编 | |
| 分册: | ||
| 出版信息: | 上海 上海人民出版社 1984 |
|
| 页数: | 192页 | |
| 开本: | 25cm | |
| 丛书名: | ||
| 单 册: | ||
| 中图分类: | Z862.5 | |
| 科图分类: | ||
| 主题词: | 个人著作-胡适-图书目录 , 图书目录-个人著作-胡适 | |
| 电子资源: | ||
| ISBN: | ||
| 000 | 00808nam0 2200253 45 | |
| 001 | 0184007192 | |
| 005 | 20060508105157.76 | |
| 010 | @dCNY1.20 | |
| 091 | @a11074.561 | |
| 100 | @a19950608d1984 em y0chiy0121 ea | |
| 101 | 0 | @achi |
| 102 | @aCN@b310000 | |
| 105 | @ay cb 000yy | |
| 200 | 10 | @a胡适著译系年目录与分类索引@Ahu shi zhu yi xi nian mu lu yu fen lei suo yin@f华东师范大学图书馆编@Fhua dong shi fan da xue tu shu guan bian |
| 210 | @a上海@c上海人民出版社@d1984 | |
| 215 | @a192页@d25cm | |
| 600 | 0 | @a胡适@x个人著作@x图书目录 |
| 606 | @a个人著作-胡适-图书目录 | |
| 606 | @a图书目录-个人著作-胡适 | |
| 690 | @aZ862.5@v3 | |
| 711 | 02 | @a华东师范大学图书馆@Ahua dong shi fan da xue tu shu guan@4编 |
| 801 | 2 | @aCN@bNLC@c20060508 |
| 801 | 0 | @aCN@b上海图书馆@c20040511 |
| 905 | @dZ862.5@e49 | |
| 胡适著译系年目录与分类索引/华东师范大学图书馆编.-上海:上海人民出版社,1984 |
| 192页;25cm |
| ISBN :CNY1.20 |
| ● |
| 相关链接 |
|
|
|
|
正题名:胡适著译系年目录与分类索引
索取号:Z862.5/49
 
预约/预借
| 序号 | 登录号 | 条形码 | 馆藏地/架位号 | 状态 | 备注 |
| 1 | 0218035 | 202301106 | 密集书库/ [索取号:Z862.5/49] | 在馆 | |
| 2 | 0218036 | 000431312 | 第三借阅区/ [索取号:Z862.5/49] | 在馆 | |
| 3 | 0218037 | 000431321 | 第二样本阅览室/ [索取号:Z862.5/49] | 在馆 |